| 000 | 00813nam a22002417a 4500 | ||
|---|---|---|---|
| 999 |
_c334 _d334 |
||
| 003 | AR-CdUCM | ||
| 008 | 190223b ||||| |||| 00| 0 spa d | ||
| 040 |
_aMUNICIPALIDAD PROVINCIAL DEL CUSCO _cBIBLIOTECA MUNICIPAL DEL CUSCO |
||
| 041 | _heng | ||
| 082 |
_a828.9 / _bCH84 |
||
| 100 |
_aChristie, Agatha _91359 |
||
| 245 | _aCinco cerditos : | ||
| 260 |
_aEspaña : _bEdit.Molino, _c1957. |
||
| 300 |
_a249 paginas ; _c16 cm. |
||
| 505 | _aEl abogado defensor --El fiscal --El joven procurador --El procurador viejo --El superintendente de policía ... | ||
| 650 |
_aFicción detectivesca _91360 |
||
| 650 |
_aDelito asesinato _91361 |
||
| 650 |
_aEsclarecimiento de hechos _91362 |
||
| 650 |
_aTestificacion _91363 |
||
| 700 |
_aG. Lopez Hipkiss _91364 |
||
| 942 |
_2ddc _cLIBROS |
||
| 945 |
_arajll _d2019-02-23 |
||